La crisis de la conciencia europea: 1680-1715

Uloženo v:
Podrobná bibliografie
Hlavní autor: Hazard, Paul (Autor)
Médium: Kniha
Jazyk:španělština
Vydáno: Madrid Pegaso 1941
Témata:
Tagy: Přidat tag
Žádné tagy, Buďte první, kdo vytvoří štítek k tomuto záznamu!

MARC

LEADER 00000nam a2200000 a 4500
001 UCY8232
003 CL-VaPUC
008 950703e19410000SP |||||||||||||||||spa|d
082 0 4 |a 100  |b HAZ  |2 21 
100 |a Hazard, Paul  |e author  |9 433660 
245 1 3 |a La crisis de la conciencia europea: 1680-1715 
300 |a 394 p 
942 |c BK 
945 |d 19950703 00:00:00  |a aalvarez 
260 |a Madrid  |b Pegaso  |c 1941 
650 0 |a Filosofía cultural  |9 312300 
650 0 |a Valores culturales  |9 338166 
651 0 |a Europa  |9 255156 
583 |a last modification  |c 19950703 00:00:00  |k Rodrigo Vera 
999 |c 235507  |d 235505 
952 |0 0  |1 0  |4 0  |6 100_000000000000000_HAZ_1941  |7 0  |8 P  |9 242990  |a BIBEDU  |b BIBEDU  |c BIBEDU_PB  |d 2019-11-18  |i 3098346  |o 100 HAZ 1941  |p 3098346  |r 2024-01-25  |w 2019-11-18  |y BK  |k FIL 
952 |0 0  |1 0  |4 0  |6 100_000000000000000_HAZ_1941  |7 0  |8 X  |9 242991  |a BIBHIS  |b BIBHIS  |d 2019-11-18  |i 1365320  |o 100 HAZ 1941  |p 1365320  |r 2024-01-30  |w 2019-11-18  |y BK_X  |k HIS